000 00788nam a2200301Ia 4500
001 Z_6167
003 CHAP
008 220113s9999 xx 000 0 und d
010 _a169399
020 _a0-7234-1525-0
040 _cCHAP
082 _aC 664.929 I54
100 _aInfante Gil, J.
_9144030
245 _aA colour atlas of meat inspection /
_cJ. Infante Gil; coautor J. Costa Durao
260 _aInglaterra :
_b Wolfe,
_c
300 _a453 p.
503 _aej.1: 156769
650 _aCarne
_x
_x Análisis
_9144031
650 _aCarne
_xInspección
_xAtlas
_9144032
650 _aControl de carnes
_9144033
700 _aCosta Durao, J., coaut.
_9144034
901 _aC 664.929 I54
902 _aM
910 _a
942 _c1
942 _cc1
999 _c169399
_d169399